00454nam a2200157 a 450000100100000000500170001000800410002702000150006804000250008308200160010810000200012424500550014426000390019930000280023850400300026600002258820200930021704.0101013s2002 sp a 000 0 spa d a8475561403 aDO-SdBNPbspacBNPHU axxxxbM678l1 aMisrahi, Alicia13aEl lector de... Edgar Allan Poe /cAlicia Misrahi. aBarcelona, Espaa :bOceano,c2002. a320 p. :bil. ;c21 cm. aBibliografas : p. 277-288